| 000 | 01023nam a22002295a 4500 | ||
|---|---|---|---|
| 005 | 20180204112040.0 | ||
| 008 | 180204s2006 ua a frd 000 0 eng d | ||
| 020 | _a9772717948 | ||
| 040 |
_aEG-ScBUE _beng _cEG-ScBUE |
||
| 041 | 1 |
_aeng _aara _heng |
|
| 082 | 0 | 4 |
_a355.003 _bف ؤ ا _222 |
| 100 | 1 | _aFouad, Esam Mohamed. | |
| 245 | 1 | 4 |
_aThe modern dictionary of military terms : _ba comprehensive military encyclopedia = قاموس المصطلحات العسكرية الحديث : موسوعة عسكرية شاملة : إنجليزي - عربي / _cEsam Mohamed Fouad. |
| 246 | 3 | 1 |
_aقاموس المصطلحات العسكرية الحديث : _b موسوعة عسكرية شاملة : إنجليزي - عربي |
| 260 |
_aCairo : _bIbn Sina book shop, _c2006. |
||
| 300 |
_a992 p. : _bill. ; _c24 cm. |
||
| 650 | 7 |
_aMilitary art and science _vDictionaries. _2BUEsh |
|
| 650 | 7 |
_aMilitary art and science _vDictionaries _xArabic. _2BUEsh |
|
| 651 | _2BUEsh | ||
| 653 |
_bGGEN _bEEENG _bBUSBOL _cFebruary2018 |
||
| 942 | _2ddc | ||
| 999 |
_c26069 _d26041 |
||